[Event "DVM U16 2018"]
[Site "Aurich GER"]
[Date "2018.12.30"]
[Round "7"]
[White "Seidel, Arne Christian"]
[Black "Rothenberg, Nina"]
[Result "1-0"]
[Termination "normal"]
[Board "3.4"]
[WhiteElo "1602"]
[BlackElo "1696"]
[WhiteClock "00:01:02"]
[BlackClock "00:02:35"]
[WhiteTeam "Reideburger SV 90 Halle"]
[BlackTeam "Post SV Uelzen"]
[PlyCount "87"]
[WhiteFideId "16235142"]
[BlackFideId "16208943"]
[EventCountry "GER"]
[EventRounds "7"]
[EventType "team-swiss"]
[EventDate "2018.12.26"]

1. d4 {[%clk 01:30:55]} {[%emt 00:00:04]} d5 {[%clk 01:30:55]} {[%emt
00:00:05]} 2. c4 {[%clk 01:31:17]} {[%emt 00:00:08]} e6 {[%clk 01:31:21]}
{[%emt 00:00:04]} 3. Nf3 {[%clk 01:31:41]} {[%emt 00:00:07]} Nf6 {[%clk
01:31:38]} {[%emt 00:00:13]} 4. g3 {[%clk 01:31:32]} {[%emt 00:00:39]} Bb4+
{[%clk 01:30:47]} {[%emt 00:01:21]} 5. Bd2 {[%clk 01:31:54]} {[%emt 00:00:08]}
a5 {[%clk 01:30:08]} {[%emt 00:01:09]} 6. Bg2 {[%clk 01:30:22]} {[%emt
00:02:01]} O-O {[%clk 01:28:47]} {[%emt 00:01:52]} 7. O-O {[%clk 01:29:51]}
{[%emt 00:01:00]} Nc6 {[%clk 01:24:14]} {[%emt 00:05:04]} 8. b3 {[%clk
01:26:41]} {[%emt 00:03:40]} Ne4 {[%clk 01:15:24]} {[%emt 00:09:21]} 9. a3
{[%clk 01:17:09]} {[%emt 00:10:02]} Nxd2 {[%clk 01:13:20]} {[%emt 00:02:34]}
10. Nfxd2 {[%clk 01:12:30]} {[%emt 00:05:09]} Be7 {[%clk 01:11:21]} {[%emt
00:02:28]} 11. e3 {[%clk 01:12:16]} {[%emt 00:00:43]} Bf6 {[%clk 01:05:55]}
{[%emt 00:05:57]} 12. Ra2 {[%clk 01:11:47]} {[%emt 00:00:59]} Ne7 {[%clk
01:02:19]} {[%emt 00:04:07]} 13. Nc3 {[%clk 01:11:21]} {[%emt 00:00:56]} c6
{[%clk 00:57:59]} {[%emt 00:04:49]} 14. Nf3 {[%clk 01:04:45]} {[%emt 00:07:06]}
g6 {[%clk 00:48:49]} {[%emt 00:09:41]} 15. e4 {[%clk 01:02:17]} {[%emt
00:02:58]} dxe4 {[%clk 00:46:53]} {[%emt 00:02:26]} 16. Nxe4 {[%clk 00:59:37]}
{[%emt 00:03:09]} Bg7 {[%clk 00:45:56]} {[%emt 00:01:28]} 17. Rd2 {[%clk
00:53:29]} {[%emt 00:06:37]} Qc7 {[%clk 00:43:31]} {[%emt 00:02:55]} 18. Re1
{[%clk 00:35:35]} {[%emt 00:18:23]} Rd8 {[%clk 00:39:27]} {[%emt 00:04:35]} 19.
Ne5 {[%clk 00:33:09]} {[%emt 00:02:56]} Nf5 {[%clk 00:35:32]} {[%emt 00:04:25]}
20. f4 {[%clk 00:22:28]} {[%emt 00:11:11]} Rb8 {[%clk 00:30:57]} {[%emt
00:05:05]} 21. Nc3 {[%clk 00:17:21]} {[%emt 00:05:37]} Bd7 {[%clk 00:26:41]}
{[%emt 00:04:47]} 22. Kh1 {[%clk 00:12:06]} {[%emt 00:05:45]} Be8 {[%clk
00:25:09]} {[%emt 00:02:02]} 23. Rd3 {[%clk 00:10:02]} {[%emt 00:02:34]} h6
{[%clk 00:19:59]} {[%emt 00:05:40]} 24. d5 {[%clk 00:09:43]} {[%emt 00:00:49]}
cxd5 {[%clk 00:18:03]} {[%emt 00:02:26]} 25. cxd5 {[%clk 00:10:05]} {[%emt
00:00:08]} exd5 {[%clk 00:16:18]} {[%emt 00:02:14]} 26. Nxd5 {[%clk 00:10:27]}
{[%emt 00:00:08]} Qc5 {[%clk 00:15:32]} {[%emt 00:01:16]} 27. b4 {[%clk
00:09:29]} {[%emt 00:01:28]} axb4 {[%clk 00:15:47]} {[%emt 00:00:16]} 28. axb4
{[%clk 00:09:58]} Qf8 {[%clk 00:15:20]} {[%emt 00:00:57]} 29. Qb3 {[%clk
00:08:57]} {[%emt 00:01:31]} Bc6 {[%clk 00:14:27]} {[%emt 00:01:23]} 30. b5
{[%clk 00:06:57]} {[%emt 00:02:31]} Be8 {[%clk 00:13:19]} {[%emt 00:01:37]} 31.
Ng4 {[%clk 00:05:52]} {[%emt 00:01:34]} Qc5 {[%clk 00:12:03]} {[%emt 00:01:47]}
32. Ndf6+ {[%clk 00:05:51]} {[%emt 00:00:31]} Kh8 {[%clk 00:11:05]} {[%emt
00:01:28]} 33. Rxd8 {[%clk 00:06:02]} {[%emt 00:00:19]} Rxd8 {[%clk 00:10:58]}
{[%emt 00:00:37]} 34. Nxe8 {[%clk 00:06:13]} {[%emt 00:00:19]} Rxe8 {[%clk
00:08:19]} {[%emt 00:03:09]} 35. Rxe8+ {[%clk 00:06:29]} {[%emt 00:00:14]} Kh7
{[%clk 00:08:39]} {[%emt 00:00:11]} 36. Re1 {[%clk 00:06:32]} {[%emt 00:00:26]}
Nd6 {[%clk 00:06:13]} {[%emt 00:02:56]} 37. Qd5 {[%clk 00:05:44]} {[%emt
00:01:18]} Qb4 {[%clk 00:05:55]} {[%emt 00:00:48]} 38. Rf1 {[%clk 00:05:52]}
{[%emt 00:00:22]} b6 {[%clk 00:05:25]} {[%emt 00:01:00]} 39. Qc6 {[%clk
00:05:06]} {[%emt 00:01:16]} Bd4 {[%clk 00:05:06]} {[%emt 00:00:49]} 40. Qd7
{[%clk 00:03:48]} {[%emt 00:01:47]} Bg7 {[%clk 00:03:46]} {[%emt 00:01:50]} 41.
Qe7 {[%clk 00:01:47]} {[%emt 00:02:31]} Qd4 {[%clk 00:03:41]} {[%emt 00:00:35]}
42. Qe3 {[%clk 00:01:08]} {[%emt 00:01:10]} Qxe3 {[%clk 00:02:21]} {[%emt
00:01:51]} 43. Nxe3 {[%clk 00:01:36]} {[%emt 00:00:01]} Nxb5 {[%clk 00:02:35]}
{[%emt 00:00:16]} 44. Nc4 {[%clk 00:01:02]} {[%emt 00:01:04]} 1-0

[Event "DVM U16 2018"]
[Site "Aurich GER"]
[Date "2018.12.30"]
[Round "7"]
[White "Hovhannisyan, Artur"]
[Black "Krastev, Alexander"]
[Result "1/2-1/2"]
[Termination "normal"]
[Board "4.1"]
[WhiteElo "2104"]
[BlackElo "2323"]
[WhiteTeam "TuRa Harksheide Norderstedt"]
[BlackTeam "Biebertaler SF"]
[PlyCount "80"]
[WhiteFideId "12986062"]
[BlackFideId "12989983"]
[EventCountry "GER"]
[EventRounds "7"]
[EventType "team-swiss"]
[EventDate "2018.12.26"]

1. d4 Nf6 2. Nf3 g6 3. g3 Bg7 4. Bg2 O-O 5. O-O c5 6. c4 Nc6 7. Nc3 d6 8. d5
Na5 9. Qd3 e6 10. e4 exd5 11. cxd5 Re8 12. Bf4 Nh5 13. Bd2 a6 14. Rae1 b5 15.
Nd1 Bd7 16. b4 cxb4 17. Bxb4 Nc4 18. Nd2 a5 19. Bc3 Ne5 20. Bxe5 Bxe5 21. f4
Qb6 22. Kh1 Bg7 23. Ne3 Nf6 24. h3 Rac8 25. g4 h6 26. Bf3 Nh7 27. Rc1 b4 28.
Nec4 Qa6 29. e5 Bb5 30. e6 Re7 31. exf7 Rxf7 32. Be2 Nf8 33. Ne4 Re8 34. Qf3
Nd7 35. Bd3 Ref8 36. f5 Nc5 37. Bb1 Bc3 38. Rxc3 bxc3 39. Qxc3 Na4 40. Qd4 Qa7
1/2-1/2

[Event "DVM U16 2018"]
[Site "Aurich GER"]
[Date "2018.12.30"]
[Round "7"]
[White "Pralle, Finnegan"]
[Black "Khachatryan, Taron"]
[Result "0-1"]
[Termination "normal"]
[Board "4.2"]
[WhiteElo "1864"]
[BlackElo "1761"]
[WhiteTeam "Biebertaler SF"]
[BlackTeam "TuRa Harksheide Norderstedt"]
[PlyCount "88"]
[WhiteFideId "12986615"]
[BlackFideId "16216598"]
[EventCountry "GER"]
[EventRounds "7"]
[EventType "team-swiss"]
[EventDate "2018.12.26"]

1. e4 e6 2. Nc3 d5 3. Nf3 Nf6 4. e5 Nfd7 5. d4 c5 6. dxc5 Nc6 7. Bf4 Bxc5 8.
Bd3 Be7 9. Qd2 a6 10. Ne2 Qc7 11. Qe3 Bc5 12. Ned4 Qb6 13. c3 Qxb2 14. Qc1 Qxc1
15. Rxc1 Ndb8 16. O-O b5 17. Rb1 Bxd4 18. Nxd4 Nxd4 19. cxd4 Nc6 20. Rfc1 Bd7
21. Be3 O-O 22. h4 Rfc8 23. h5 Na5 24. Bd2 Nc4 25. Bxc4 dxc4 26. a3 f5 27. Rc3
Bc6 28. f3 Bd5 29. Kf2 Rcb8 30. Rc2 Rb7 31. Bb4 Kf7 32. Bc5 g5 33. Rcb2 Rg8 34.
Bb4 g4 35. f4 Kg7 36. Kg3 Rc8 37. Bc3 Be4 38. Rc1 Ra8 39. Ba5 Rc8 40. Bc3 Kh6
41. Kh4 g3 42. Kxg3 Rg8 43. Kh3 Rbg7 44. Rg1 Rg3 0-1

[Event "DVM U16 2018"]
[Site "Aurich GER"]
[Date "2018.12.30"]
[Round "7"]
[White "Striebeck, Enno"]
[Black "Engert, Kiyan"]
[Result "1-0"]
[Termination "normal"]
[Board "4.3"]
[WhiteElo "1681"]
[BlackElo "1718"]
[WhiteTeam "TuRa Harksheide Norderstedt"]
[BlackTeam "Biebertaler SF"]
[PlyCount "57"]
[WhiteFideId "16254988"]
[BlackFideId "16214870"]
[EventCountry "GER"]
[EventRounds "7"]
[EventType "team-swiss"]
[EventDate "2018.12.26"]

1. d4 Nf6 2. c4 e6 3. Nf3 b6 4. g3 Bb7 5. Bg2 Be7 6. d5 exd5 7. Nh4 c6 8. Nf5
O-O 9. Bf4 dxc4 10. Nxe7+ Qxe7 11. Bd6 Qe6 12. Bxf8 Kxf8 13. O-O d5 14. Nc3 c5
15. Re1 Nbd7 16. Qc2 Kg8 17. e4 d4 18. Nd5 Nxd5 19. exd5 Qd6 20. Qxc4 Nf6 21.
b4 Bxd5 22. Bxd5 Nxd5 23. bxc5 bxc5 24. Rac1 Nc3 25. f4 g6 26. Re5 Rc8 27. Rce1
Qc6 28. Re7 Rc7 29. Qxf7+ 1-0

[Event "DVM U16 2018"]
[Site "Aurich GER"]
[Date "2018.12.30"]
[Round "7"]
[White "Grunwald, Jonathan"]
[Black "Guo, Philipp Ziming"]
[Result "1-0"]
[Termination "normal"]
[Board "4.4"]
[WhiteElo "1716"]
[BlackElo "1501"]
[WhiteTeam "Biebertaler SF"]
[BlackTeam "TuRa Harksheide Norderstedt"]
[PlyCount "35"]
[WhiteFideId "12955744"]
[BlackFideId "16245199"]
[EventCountry "GER"]
[EventRounds "7"]
[EventType "team-swiss"]
[EventDate "2018.12.26"]

1. e4 c5 2. Nc3 Nc6 3. f4 e6 4. Nf3 Nge7 5. Bb5 a6 6. Bxc6 Nxc6 7. O-O Be7 8.
d3 b5 9. Qe1 Bb7 10. Qg3 g6 11. f5 d6 12. Ng5 h6 13. Nxf7 Qd7 14. Qxg6 Rg8 15.
Qxg8 Bf8 16. fxe6 Qxe6 17. Nd5 Rc8 18. Bxh6 1-0

[Event "DVM U16 2018"]
[Site "Aurich GER"]
[Date "2018.12.30"]
[Round "7"]
[White "Bethke, Richard"]
[Black "Kuznecovs, Nikita"]
[Result "1-0"]
[Termination "normal"]
[Board "5.1"]
[WhiteElo "2219"]
[BlackElo "2256"]
[WhiteTeam "SF Neuberg"]
[BlackTeam "SG Blau-Weiß Stadtilm"]
[PlyCount "97"]
[WhiteFideId "12959243"]
[BlackFideId "11604557"]
[EventCountry "GER"]
[EventRounds "7"]
[EventType "team-swiss"]
[EventDate "2018.12.26"]

1. e4 e6 2. d4 d5 3. Nd2 Be7 4. Bd3 c5 5. dxc5 Nf6 6. Qe2 O-O 7. Ngf3 a5 8. O-O
Na6 9. e5 Nd7 10. c4 Nb4 11. c6 Nxd3 12. cxd7 Nxc1 13. Raxc1 Bxd7 14. Nd4 Qb6
15. N2f3 Rac8 16. b3 Rc5 17. Rc2 Rfc8 18. Nd2 R5c7 19. Qd3 Bb4 20. Rfc1 Ba3 21.
Rd1 h6 22. h3 Be8 23. cxd5 exd5 24. N2f3 Bd7 25. Nh4 Bb4 26. Rxc7 Qxc7 27. f4
Qb6 28. Kh2 Rc3 29. Qe2 g5 30. fxg5 hxg5 31. Nhf5 Qa6 32. Qg4 Qg6 33. Ne7 Bxe7
34. Qxd7 Bf8 35. e6 Re3 36. Rf1 Rxe6 37. Nxe6 Qxe6 38. Qxe6 fxe6 39. Rf6 e5 40.
Rf5 d4 41. Rxg5 Bg7 42. Kg3 Kf7 43. Kf3 d3 44. Ke4 d2 45. Rf5 Ke6 46. Rf1 Bh6
47. Rg1 Kd6 48. Kd3 e4 49. Kxe4 1-0

[Event "DVM U16 2018"]
[Site "Aurich GER"]
[Date "2018.12.30"]
[Round "7"]
[White "Wolf, Philipp"]
[Black "Bethke, Robert"]
[Result "1/2-1/2"]
[Termination "normal"]
[Board "5.2"]
[WhiteElo "1913"]
[BlackElo "2000"]
[WhiteTeam "SG Blau-Weiß Stadtilm"]
[BlackTeam "SF Neuberg"]
[PlyCount "167"]
[WhiteFideId "12958948"]
[BlackFideId "12959251"]
[EventCountry "GER"]
[EventRounds "7"]
[EventType "team-swiss"]
[EventDate "2018.12.26"]

1. e4 e5 2. Nf3 Nf6 3. Nxe5 d6 4. Nf3 Nxe4 5. c4 Be7 6. d4 d5 7. Bd3 Nc6 8. O-O
Bg4 9. Be3 O-O 10. Nc3 Nf6 11. Re1 Nb4 12. Be2 dxc4 13. Bxc4 Bxf3 14. gxf3 Nbd5
15. Qb3 Nb6 16. Bd3 Qd7 17. Kg2 Kh8 18. Rg1 c6 19. Qc2 h6 20. Kh1 Nbd5 21. a3
Rg8 22. Bf5 Qd8 23. Rg2 g5 24. Rag1 Nh5 25. Nxd5 Qxd5 26. Be4 Qd6 27. Rg4 Raf8
28. Qd3 Ng7 29. Bh7 f5 30. Bxg8 Kxg8 31. R4g2 f4 32. Bd2 Nf5 33. Bc3 Qd5 34.
Re1 Bf6 35. Rd1 Nh4 36. Qe4 Nxg2 37. Qg6+ Bg7 38. Kxg2 Qf5 39. Qxf5 Rxf5 40.
Re1 Kf7 41. Kf1 Rd5 42. Re4 c5 43. dxc5 Bxc3 44. bxc3 Rxc5 45. Rb4 b5 46. a4
bxa4 47. Rxa4 a5 48. c4 Re5 49. Ra1 Ke7 50. Rb1 Kd6 51. Ra1 Kc6 52. Ra4 Kb6 53.
Ra2 h5 54. h3 Kc6 55. Ra1 Kd6 56. Ra4 Ke6 57. Ra1 Kf5 58. Kg2 Rc5 59. Ra4 Ke5
60. h4 gxh4 61. Kh3 Kd4 62. Kxh4 Kc3 63. Ra1 Kb2 64. Ra4 Kb3 65. Ra1 a4 66.
Rb1+ Ka2 67. Rb5 Rxc4 68. Kxh5 a3 69. Kg4 Ka1 70. Kg5 a2 71. Kg4 Rc2 72. Kxf4
Rb2 73. Ra5 Kb1 74. Kg5 Rxf2 75. f4 a1=Q 76. Rxa1+ Kxa1 77. f5 Kb2 78. f6 Kc3
79. Kg6 Kd4 80. f7 Ke5 81. Kg7 Rg2+ 82. Kh7 Rf2 83. Kg7 Rxf7+ 84. Kxf7 1/2-1/2

[Event "DVM U16 2018"]
[Site "Aurich GER"]
[Date "2018.12.30"]
[Round "7"]
[White "Baranyai-Molnar, Adam-Kristof"]
[Black "Creß, Bastian"]
[Result "1-0"]
[Termination "normal"]
[Board "5.3"]
[WhiteElo "1883"]
[BlackElo "1705"]
[WhiteTeam "SF Neuberg"]
[BlackTeam "SG Blau-Weiß Stadtilm"]
[PlyCount "91"]
[WhiteFideId "768022"]
[BlackFideId "16208846"]
[EventCountry "GER"]
[EventRounds "7"]
[EventType "team-swiss"]
[EventDate "2018.12.26"]

1. e4 e5 2. Bc4 Nf6 3. d4 exd4 4. Nf3 Nc6 5. O-O Nxe4 6. Re1 d5 7. Bxd5 Qxd5 8.
Nc3 Qa5 9. Nxe4 Be6 10. Neg5 O-O-O 11. Nxe6 fxe6 12. Rxe6 Bd6 13. Bg5 Rde8 14.
Qe2 Kd7 15. Rxe8 Rxe8 16. Qd3 h6 17. Bd2 Qb6 18. b3 Qc5 19. c3 dxc3 20. Bxc3
Re7 21. a3 Qh5 22. b4 Kc8 23. Rd1 Qe8 24. b5 Nd8 25. a4 Ne6 26. Qc4 Kb8 27. Re1
Ng5 28. Rxe7 Nxf3+ 29. gxf3 Qxe7 30. a5 Qf8 31. Qe4 Bc5 32. a6 bxa6 33. bxa6
Kc8 34. Qg4+ Kb8 35. Qd7 Qc8 36. Qc6 Bb6 37. Be5 g6 38. Kg2 Ba5 39. Qxg6 Bd2
40. f4 Ka8 41. Qc6+ Kb8 42. f5 h5 43. Qb5+ Ka8 44. Qd5+ Kb8 45. Qxd2 Qxa6 46.
Qd8+ 1-0

[Event "DVM U16 2018"]
[Site "Aurich GER"]
[Date "2018.12.30"]
[Round "7"]
[White "Rapp, Lukas"]
[Black "Kolzenburg, Jan Niklas"]
[Result "1/2-1/2"]
[Termination "normal"]
[Board "5.4"]
[WhiteElo "1719"]
[BlackElo "1379"]
[WhiteTeam "SG Blau-Weiß Stadtilm"]
[BlackTeam "SF Neuberg"]
[PlyCount "57"]
[WhiteFideId "12989320"]
[BlackFideId "16274830"]
[EventCountry "GER"]
[EventRounds "7"]
[EventType "team-swiss"]
[EventDate "2018.12.26"]

1. e4 e5 2. Nf3 Nf6 3. Nc3 Nc6 4. Bc4 Bc5 5. O-O O-O 6. d3 h6 7. Be3 Bb6 8. h3
d6 9. Qd2 Be6 10. Bb3 Qd7 11. Rad1 Rad8 12. d4 Bxb3 13. axb3 exd4 14. Bxd4 Nxd4
15. Nxd4 Rfe8 16. Rfe1 Ba5 17. Qd3 d5 18. e5 Ne4 19. Nf3 Nxc3 20. bxc3 c6 21.
Re2 Re7 22. Nh2 Bb6 23. Kh1 Rde8 24. f4 f6 25. Qg3 Qf5 26. Ng4 Kh7 27. Rde1
fxe5 28. fxe5 Bc7 29. Rf2 1/2-1/2

[Event "DVM U16 2018"]
[Site "Aurich GER"]
[Date "2018.12.30"]
[Round "7"]
[White "Pölt, Christoph"]
[Black "Jakob, Georg"]
[Result "1/2-1/2"]
[Termination "normal"]
[Board "6.1"]
[WhiteElo "2075"]
[BlackElo "2015"]
[WhiteTeam "TV Tegernsee"]
[BlackTeam "SG Königskinder Hohentübingen"]
[PlyCount "61"]
[WhiteFideId "12960853"]
[BlackFideId "16224221"]
[EventCountry "GER"]
[EventRounds "7"]
[EventType "team-swiss"]
[EventDate "2018.12.26"]

1. d4 Nf6 2. c4 e6 3. g3 Bb4 4. Bd2 c5 5. Bg2 O-O 6. Nf3 d6 7. O-O Nc6 8. a3
Bxd2 9. Qxd2 e5 10. dxe5 dxe5 11. Rd1 Qb6 12. Nc3 Nd4 13. Nxd4 cxd4 14. Nd5
Nxd5 15. cxd5 Bf5 16. Rac1 Rac8 17. b4 Qa6 18. Qb2 Bg4 19. Bf3 Bxf3 20. exf3
Rcd8 21. f4 Qd6 22. fxe5 Qxd5 23. Rc5 Qe4 24. Rc4 Qxe5 25. Rcxd4 g6 26. Qd2
Rxd4 27. Qxd4 Qxd4 28. Rxd4 Rc8 29. Rd7 Rc1 30. Kg2 Ra1 31. Rxb7 1/2-1/2

[Event "DVM U16 2018"]
[Site "Aurich GER"]
[Date "2018.12.30"]
[Round "7"]
[White "Hurm, Moritz"]
[Black "Schnegelberg, Christian"]
[Result "1/2-1/2"]
[Termination "normal"]
[Board "6.2"]
[WhiteElo "1789"]
[BlackElo "1836"]
[WhiteTeam "SG Königskinder Hohentübingen"]
[BlackTeam "TV Tegernsee"]
[PlyCount "73"]
[WhiteFideId "16235150"]
[BlackFideId "12994154"]
[EventCountry "GER"]
[EventRounds "7"]
[EventType "team-swiss"]
[EventDate "2018.12.26"]

1. e4 c5 2. Nf3 Nc6 3. d4 cxd4 4. Nxd4 g6 5. Nc3 Bg7 6. Nde2 Nf6 7. g3 O-O 8.
Bg2 d6 9. O-O Rb8 10. a4 Bd7 11. h3 a6 12. Kh2 b5 13. axb5 axb5 14. Nd5 Nxd5
15. exd5 Ne5 16. Ra2 b4 17. b3 Bb5 18. Bb2 Ra8 19. Rxa8 Qxa8 20. Bxe5 Bxe5 21.
f4 Bf6 22. f5 Rc8 23. Rf4 Qa2 24. Be4 Be5 25. Rf3 Bxe2 26. Qxe2 Qa5 27. Qd2 Rc3
28. fxg6 hxg6 29. Rxc3 Bxc3 30. Qg5 Bf6 31. Qe3 Qb5 32. h4 Qc5 33. Qf3 Qc3 34.
Bd3 Qd2 35. Kh3 Be5 36. Qg4 Qc1 37. Qf3 1/2-1/2

[Event "DVM U16 2018"]
[Site "Aurich GER"]
[Date "2018.12.30"]
[Round "7"]
[White "von Freymann, Franz"]
[Black "Hofele, Mathis"]
[Result "0-1"]
[Termination "normal"]
[Board "6.3"]
[WhiteElo "1819"]
[BlackElo "1679"]
[WhiteTeam "TV Tegernsee"]
[BlackTeam "SG Königskinder Hohentübingen"]
[PlyCount "106"]
[WhiteFideId "12994014"]
[BlackFideId "12963844"]
[EventCountry "GER"]
[EventRounds "7"]
[EventType "team-swiss"]
[EventDate "2018.12.26"]

1. d4 Nf6 2. Bf4 e6 3. e3 c5 4. c3 b6 5. Nd2 Bb7 6. Ngf3 Nc6 7. Bd3 Be7 8. O-O
Nh5 9. Be5 d6 10. Bg3 h6 11. Qe2 Nxg3 12. hxg3 O-O 13. Rfb1 cxd4 14. exd4 Re8
15. a4 Qc7 16. Kh2 Bf8 17. Rh1 Ne7 18. Kg1 e5 19. dxe5 dxe5 20. Qxe5 Qxe5 21.
Nxe5 Red8 22. Rd1 f6 23. Bc4+ Bd5 24. Bxd5+ Rxd5 25. Nef3 Rad8 26. Rh4 Nc6 27.
Kf1 a5 28. Re4 Bc5 29. Ke2 Kf7 30. Re1 f5 31. Rc4 Ne5 32. Kf1 Nxc4 33. Nxc4 Rd1
34. Rxd1 Rxd1+ 35. Ke2 Ra1 36. Nfe5+ Ke6 37. Nd3 Rxa4 38. Nf4+ Ke7 39. Nxb6
Bxb6 40. Nd5+ Ke6 41. Nxb6 Rg4 42. b3 h5 43. Kf3 Re4 44. Na4 Kd6 45. Nb2 g5 46.
g4 Rf4+ 47. Ke3 Rxg4 48. Kf3 Kc5 49. Nd3+ Kb5 50. Nb2 Re4 51. Nd3 h4 52. g4
Rxg4 53. Ne5 Rg1 0-1

[Event "DVM U16 2018"]
[Site "Aurich GER"]
[Date "2018.12.30"]
[Round "7"]
[White "Aptyka, Tim"]
[Black "Dietlmeier, Tobias"]
[Result "0-1"]
[Termination "normal"]
[Board "6.4"]
[WhiteElo "1534"]
[BlackElo "1769"]
[WhiteTeam "SG Königskinder Hohentübingen"]
[BlackTeam "TV Tegernsee"]
[PlyCount "124"]
[WhiteFideId "16255860"]
[BlackFideId "16213963"]
[EventCountry "GER"]
[EventRounds "7"]
[EventType "team-swiss"]
[EventDate "2018.12.26"]

1. e4 c6 2. d4 d5 3. exd5 cxd5 4. c4 Nc6 5. Nc3 Nf6 6. Bg5 dxc4 7. d5 Ne5 8.
Qd4 Nd3+ 9. Bxd3 cxd3 10. Qxd3 Qb6 11. b3 Bd7 12. Nge2 g6 13. d6 Bf5 14. Qb5+
Qxb5 15. Nxb5 Nd5 16. dxe7 Bxe7 17. Bxe7 Kxe7 18. O-O Kf6 19. Rad1 Nb4 20. Rd2
Bd3 21. Nbd4 Rad8 22. Rfd1 Rhe8 23. a3 Bxe2 24. Nxe2 Rxd2 25. Rxd2 Nc6 26. f3
Re3 27. Rb2 Na5 28. Nd4 Rd3 29. Ne2 Rxb3 30. Ra2 Nc4 31. a4 Ke5 32. Kf2 a5 33.
Rc2 Rb4 34. f4+ Ke4 35. g3 Ne3 36. Rd2 Ng4+ 37. Kg2 Ke3 38. Ra2 Nf6 39. Nc3 Kd3
40. Nb5 Ne4 41. Ra3+ Kc2 42. Kf3 Nd2+ 43. Ke2 Nb3 44. Ke3 Kb2 45. Kf3 Rxb5 46.
axb5 Kxa3 47. Kg4 b6 48. f5 Kb4 49. h4 a4 50. fxg6 hxg6 51. h5 gxh5+ 52. Kxh5
a3 53. g4 a2 54. g5 Kxb5 55. g6 fxg6+ 56. Kxg6 a1=Q 57. Kh5 Qe5+ 58. Kh4 Kc5
59. Kg4 Nd4 60. Kh3 Qg5 61. Kh2 Ne2 62. Kh1 Qg1# 0-1

[Event "DVM U16 2018"]
[Site "Aurich GER"]
[Date "2018.12.30"]
[Round "7"]
[White "Lieberwirth, Kasimir"]
[Black "Runte, Moritz"]
[Result "0-1"]
[Termination "normal"]
[Board "7.1"]
[WhiteElo "2104"]
[BlackElo "1963"]
[WhiteTeam "SG Turm Leipzig"]
[BlackTeam "SV Hemer"]
[PlyCount "54"]
[WhiteFideId "12988146"]
[BlackFideId "12991449"]
[EventCountry "GER"]
[EventRounds "7"]
[EventType "team-swiss"]
[EventDate "2018.12.26"]

1. e4 e5 2. Nf3 Nc6 3. Bb5 a6 4. Bxc6 dxc6 5. O-O Bg4 6. h3 h5 7. d3 Qf6 8.
Nbd2 g5 9. Nc4 Bxf3 10. Qxf3 Qxf3 11. gxf3 f6 12. h4 gxh4 13. f4 b5 14. Na5
exf4 15. Bxf4 Kd7 16. Kh2 Bh6 17. Bxh6 Nxh6 18. f3 Rhg8 19. Rg1 Rg5 20. b4 Rag8
21. Nb7 Rg3 22. Rxg3 Rxg3 23. Rg1 Rxf3 24. Rg7 Kc8 25. Nc5 Ng4 26. Kh1 Rh3 27.
Kg1 Rg3 0-1

[Event "DVM U16 2018"]
[Site "Aurich GER"]
[Date "2018.12.30"]
[Round "7"]
[White "Leonard, Timo"]
[Black "Weimert, Miriam"]
[Result "0-1"]
[Termination "normal"]
[Board "7.2"]
[WhiteElo "1833"]
[BlackElo "1792"]
[WhiteTeam "SV Hemer"]
[BlackTeam "SG Turm Leipzig"]
[PlyCount "74"]
[WhiteFideId "16208757"]
[BlackFideId "12966703"]
[EventCountry "GER"]
[EventRounds "7"]
[EventType "team-swiss"]
[EventDate "2018.12.26"]

1. d4 d5 2. Nf3 Nf6 3. c4 c6 4. g3 e6 5. Bg2 Be7 6. O-O O-O 7. Nc3 Nbd7 8. Nd2
Nb6 9. a4 a5 10. Qb3 Bb4 11. c5 Nbd7 12. Na2 Bxd2 13. Bxd2 e5 14. e3 Re8 15.
Rfe1 e4 16. Qc2 Nf8 17. b4 axb4 18. Nxb4 Ne6 19. Reb1 Ng5 20. a5 Ng4 21. Qc1
Qf6 22. Qf1 Nxh2 23. Kxh2 Qh6+ 24. Kg1 Nf3+ 25. Bxf3 exf3 26. e4 Qxd2 27. Qd3
Qxd3 28. Nxd3 dxe4 29. Nb4 Bf5 30. Re1 Re6 31. a6 bxa6 32. Rxa6 Rxa6 33. Nxa6
Bh3 34. Nc7 Re7 35. Kh2 Bg2 36. Rb1 g5 37. Na8 Re6 0-1

[Event "DVM U16 2018"]
[Site "Aurich GER"]
[Date "2018.12.30"]
[Round "7"]
[White "Ortlepp, Klaudia"]
[Black "Trinh, Fabian Dat"]
[Result "1/2-1/2"]
[Termination "normal"]
[Board "7.3"]
[WhiteElo "1520"]
[BlackElo "1751"]
[WhiteTeam "SG Turm Leipzig"]
[BlackTeam "SV Hemer"]
[PlyCount "42"]
[WhiteFideId "16206045"]
[BlackFideId "16243641"]
[EventCountry "GER"]
[EventRounds "7"]
[EventType "team-swiss"]
[EventDate "2018.12.26"]

1. e4 e5 2. Nf3 Nc6 3. d4 exd4 4. Bc4 Nf6 5. e5 d5 6. Bb5 Ne4 7. Nxd4 Bc5 8.
Be3 O-O 9. Nxc6 bxc6 10. Bxc5 Nxc5 11. Bxc6 Rb8 12. Qxd5 Qe7 13. Qd4 Rd8 14.
Qc3 Ba6 15. Nd2 Ne6 16. O-O-O Nd4 17. Bf3 Qxe5 18. Rhe1 Qxh2 19. Rh1 Qf4 20.
Kb1 Be2 21. Rde1 Bxf3 1/2-1/2

[Event "DVM U16 2018"]
[Site "Aurich GER"]
[Date "2018.12.30"]
[Round "7"]
[White "Naumenko, Valerija"]
[Black "Lieberwirth, Nele"]
[Result "1-0"]
[Termination "normal"]
[Board "7.4"]
[WhiteElo "1619"]
[BlackElo "1328"]
[WhiteTeam "SV Hemer"]
[BlackTeam "SG Turm Leipzig"]
[PlyCount "52"]
[WhiteFideId "16222890"]
[BlackFideId "16259483"]
[EventCountry "GER"]
[EventRounds "7"]
[EventType "team-swiss"]
[EventDate "2018.12.26"]

1. e4 e5 2. Nf3 Nc6 3. Bc4 Nf6 4. d3 Bc5 5. c3 a6 6. Nbd2 b5 7. Bb3 d6 8. h3
Bb7 9. Nf1 Qd7 10. Ng3 d5 11. exd5 Nxd5 12. Qe2 O-O 13. O-O Rae8 14. Ne4 Bb6
15. Rfd1 Nde7 16. Nfg5 Qf5 17. Ng3 Qg6 18. Bc2 f5 19. d4 exd4 20. Bb3 Kh8 21.
Ne6 Rf6 22. Nf4 Qh6 23. Nfh5 Qg6 24. Nxf6 Qxf6 25. Qh5 g6 26. Bg5 Qf7 1-0

[Event "DVM U16 2018"]
[Site "Aurich GER"]
[Date "2018.12.30"]
[Round "7"]
[White "Biermann, Lenhard"]
[Black "Waffenschmidt, Lars"]
[Result "1/2-1/2"]
[Termination "normal"]
[Board "8.1"]
[WhiteElo "2108"]
[BlackElo "1903"]
[WhiteTeam "SG Bochum"]
[BlackTeam "SK Bebenhausen"]
[PlyCount "78"]
[WhiteFideId "12970077"]
[BlackFideId "16244656"]
[EventCountry "GER"]
[EventRounds "7"]
[EventType "team-swiss"]
[EventDate "2018.12.26"]

1. d4 d5 2. c4 e6 3. Nf3 c5 4. cxd5 exd5 5. g3 Nf6 6. Bg2 Nc6 7. O-O cxd4 8.
Nxd4 Be7 9. Nc3 O-O 10. Bg5 h6 11. Bf4 Qb6 12. Nb3 Be6 13. Be3 Qc7 14. Rc1 Rfd8
15. Nd4 Qe5 16. Ncb5 Bd7 17. Nxc6 bxc6 18. Bd4 Qh5 19. Nc7 Rac8 20. Na6 Bh3 21.
f3 Nd7 22. g4 Qg6 23. Bxh3 c5 24. Nxc5 Nxc5 25. Qc2 Qa6 26. Qd2 Qxa2 27. Qe3
Ne6 28. Rxc8 Rxc8 29. g5 Re8 30. Bxe6 Bxg5 31. Bxf7+ Kxf7 32. Qd3 Qc4 33. Qxc4
dxc4 34. Kf2 Bh4+ 35. Kg1 Rxe2 36. Rc1 Bf6 37. Rxc4 Bxd4+ 38. Rxd4 Rxb2 39.
Rd7+ Kf6 1/2-1/2